[Event "World Youth Open U14 2016"]
[Site "Khanty-Mansiysk RUS"]
[Date "2016.10.02"]
[Round "10.32"]
[White "Vaino, Nikita"]
[Black "Ajigulov, Nurmat"]
[Result "1-0"]
[WhiteElo "1781"]
[BlackElo "1626"]
[WhiteFideId "4504674"]
[BlackFideId "13801970"]
[EventDate "2016.09.22"]

1. d4 Nf6 2. Bf4 e6 3. Nf3 d5 4. e3 Nbd7 5. Bd3 Be7 6. h3 c5 7. c3 c4 8. Bc2 b5
9. Nbd2 Bb7 10. O-O O-O 11. Ne5 Nxe5 12. Bxe5 Bd6 13. f4 b4 14. Nf3 Ne4 15. Bxd6
Qxd6 16. Bxe4 dxe4 17. Nd2 Rac8 18. f5 exf5 19. Rxf5 bxc3 20. bxc3 Bd5 21. Qc2
Be6 22. Ra5 Qg3 23. Qxe4 Qc7 24. Rc5 Qb6 25. Rb1 Qa6 26. Rxc8 Rxc8 27. Qc2 Qd6
28. Nf3 Qg3 29. Qf2 Qg6 30. Rb5 Qd3 31. Qd2 Qe4 32. Ng5 Qc6 33. Rc5 Qd6 34. Nxe6
Qxe6 35. Rxc8+ Qxc8 36. d5 Qd7 37. Qd4 h6 38. Qxc4 Qe7 39. Qd4 Qd6 40. c4 f6 41.
c5 Qd7 42. d6 Qc6 43. d7 1-0

[Event "World Youth Open U14 2016"]
[Site "Khanty-Mansiysk RUS"]
[Date "2016.10.02"]
[Round "10.33"]
[White "Essa, Naseem Ahmed"]
[Black "Balashov, Egor"]
[Result "1-0"]
[WhiteTitle "FM"]
[WhiteElo "1771"]
[BlackElo "1799"]
[WhiteFideId "14316560"]
[BlackFideId "34125768"]
[EventDate "2016.09.22"]

1. d4 Nf6 2. c4 c5 3. Nf3 cxd4 4. Nxd4 g6 5. g3 Bg7 6. Bg2 O-O 7. O-O Nc6 8. Nc3
a6 9. c5 d5 10. cxd6 Qxd6 11. Nxc6 Qxd1 12. Nxe7+ Kh8 13. Rxd1 Be6 14. Bf4 1-0

[Event "World Youth Open U14 2016"]
[Site "Khanty-Mansiysk RUS"]
[Date "2016.10.02"]
[Round "10.34"]
[White "Hsu, Hsuan-Ming"]
[Black "Sabirov, Timur"]
[Result "0-1"]
[WhiteElo "1727"]
[BlackElo "1791"]
[WhiteFideId "16300823"]
[BlackFideId "44107323"]
[EventDate "2016.09.22"]

1. e4 c5 2. c3 d5 3. exd5 Qxd5 4. d4 cxd4 5. cxd4 e6 6. Nc3 Qd8 7. Nf3 Nf6 8.
Bc4 Nc6 9. O-O Be7 10. d5 exd5 11. Nxd5 O-O 12. Nxe7+ Qxe7 13. Re1 Qc5 14. Qc2
Qh5 15. Bd2 Bg4 16. Be2 Bxf3 17. Bxf3 Nd4 18. Qd3 Nxf3+ 19. Qxf3 Qxf3 20. gxf3
Rfe8 21. Be3 a6 22. Kf1 Rac8 23. Rac1 Nd5 24. Rcd1 Nb4 25. a3 Nc6 26. f4 Rcd8
27. Bb6 Rxe1+ 28. Rxe1 Rc8 29. Rd1 Nb8 30. Ke2 f5 31. Rd5 g6 32. Kd3 Kf7 33. Ba7
Ke6 34. Re5+ Kd6 35. Bxb8+ Rxb8 36. Kd4 Rc8 37. Rd5+ Ke6 38. Re5+ Kf7 39. Rc5
Rd8+ 40. Rd5 Re8 41. Rd7+ Kg8 42. Kd3 b5 43. Rd6 a5 44. Rd5 Rb8 45. Kd4 Kg7 46.
Ke3 Kh6 47. Kf3 Kh5 48. Kg3 a4 49. Rd7 Kh6 50. Rd4 Rc8 51. Rb4 Rc5 52. b3 Rc3+ 0-1

[Event "World Youth Open U14 2016"]
[Site "Khanty-Mansiysk RUS"]
[Date "2016.10.02"]
[Round "10.35"]
[White "Kakuk, Tibor"]
[Black "Izumi, Haruki"]
[Result "1/2-1/2"]
[WhiteElo "1622"]
[BlackElo "1549"]
[WhiteFideId "14536749"]
[BlackFideId "7001703"]
[EventDate "2016.09.22"]

1. e4 e5 2. Nf3 Nc6 3. d4 exd4 4. Nxd4 Nf6 5. Nc3 Bb4 6. Nxc6 bxc6 7. Bd3 O-O 8.
O-O d5 9. exd5 cxd5 10. Bg5 Be7 11. Bxf6 Bxf6 12. Qh5 g6 13. Qxd5 Qxd5 14. Nxd5
Bxb2 15. Rab1 Be5 16. Be4 Ba6 17. Rfe1 Rae8 18. f4 Bd4+ 19. Kh1 f5 20. Bf3 Rxe1+
21. Rxe1 Bb6 22. Ne7+ Kg7 23. Nc6 Bc4 24. a4 Rf6 25. g3 Re6 26. Rd1 Kf6 27. Ne5
Ba6 28. Rd7 Re7 29. Rd8 c5 30. Rd1 Bc8 31. c4 Be6 32. Ra1 Bd7 33. Bd5 Be6 34.
Rd1 Bxd5+ 35. Rxd5 Ke6 36. Kg2 Rb7 37. Nd3 Rc7 1/2-1/2

[Event "World Youth Open U14 2016"]
[Site "Khanty-Mansiysk RUS"]
[Date "2016.10.02"]
[Round "10.37"]
[White "Ryabov, Georgi"]
[Black "Horn, Aldo"]
[Result "1-0"]
[WhiteElo "1572"]
[BlackElo "1307"]
[WhiteFideId "44107315"]
[BlackFideId "15200744"]
[EventDate "2016.09.22"]

1. c4 e5 2. Nc3 Nf6 3. g3 d5 4. cxd5 Nxd5 5. Bg2 Nxc3 6. bxc3 Nd7 7. Rb1 Nb6 8.
d3 Bc5 9. e3 Bf5 10. e4 Be6 11. Qc2 Qd6 12. Be3 Rd8 13. Bxc5 Qxc5 14. Ne2 O-O
15. O-O f5 16. Bh3 Bd7 17. Qb3+ Kh8 18. d4 Qe7 19. exf5 Bxf5 20. Bxf5 Rxf5 21.
Rbe1 Re8 22. Qc2 Rf6 23. dxe5 Qxe5 24. Nd4 Qh5 25. Qd1 Qf7 26. Rxe8+ Qxe8 27.
Re1 Qf7 28. Qe2 Qf8 29. Qb2 h6 30. Qb5 c6 31. Qh5 Qf7 32. Re8+ Kh7 33. Qe2 Rxf2
34. Qe4+ 1-0

[Event "World Youth Open U14 2016"]
[Site "Khanty-Mansiysk RUS"]
[Date "2016.10.03"]
[Round "11.1"]
[White "Sargsyan, Shant"]
[Black "Lomasov, Semen"]
[Result "1-0"]
[WhiteTitle "CM"]
[BlackTitle "FM"]
[WhiteElo "2440"]
[BlackElo "2393"]
[WhiteFideId "13306766"]
[BlackFideId "24164879"]
[EventDate "2016.09.22"]

1. d4 Nf6 2. c4 e6 3. Nf3 Bb4+ 4. Nbd2 a5 5. Qc2 d6 6. e4 Qe7 7. Bd3 e5 8. h3
Nc6 9. d5 Nb8 10. O-O O-O 11. Nb1 a4 12. a3 Bc5 13. Nc3 Bd7 14. Qd1 Bb6 15. Bc2
Na6 16. Bxa4 Bxa4 17. Qxa4 Bd4 18. Ne2 b5 19. cxb5 Nc5 20. Qc2 Ncxe4 21. Nexd4
exd4 22. Nxd4 Rfe8 23. Nc6 Qd7 24. Rd1 h6 25. a4 g5 26. Ra3 Kh8 27. b4 Nh5 28.
Re3 f5 29. Bb2+ Kg8 30. Rde1 Qf7 31. f3 Neg3 32. Ne7+ Kh7 33. Nxf5 Rxe3 34.
Nxg3+ Kg8 35. Rxe3 Nxg3 36. Re6 1-0

[Event "World Youth Open U14 2016"]
[Site "Khanty-Mansiysk RUS"]
[Date "2016.10.03"]
[Round "11.2"]
[White "Esipenko, Andrey"]
[Black "Teclaf, Pawel"]
[Result "1-0"]
[WhiteTitle "FM"]
[BlackTitle "CM"]
[WhiteElo "2490"]
[BlackElo "2342"]
[WhiteFideId "24175439"]
[BlackFideId "1185934"]
[EventDate "2016.09.22"]

1. d4 Nf6 2. Bf4 g6 3. Nc3 d5 4. e3 Bg7 5. h4 c6 6. Be2 h5 7. Nh3 Bxh3 8. Rxh3
Nbd7 9. f3 Bh6 10. Bxh6 Rxh6 11. Qd2 Rh8 12. O-O-O Qc7 13. e4 e6 14. e5 Ng8 15.
g4 a6 16. gxh5 Rxh5 17. f4 Rh7 18. h5 Ne7 19. Rdh1 O-O-O 20. hxg6 Rxh3 21. Rxh3
Nxg6 22. f5 Ngf8 23. Bh5 Kb8 24. Bxf7 Nxe5 25. Bxe6 Nc4 26. Qh2 Nxe6 27. fxe6
Re8 28. Qxc7+ Kxc7 29. Rh7+ Kc8 30. Rh6 Rf8 31. Rh1 Re8 32. Rh6 Rf8 33. Nd1 Re8
34. b3 Nd6 35. Ne3 b5 36. c3 Rg8 37. Kd2 Kd8 38. Rh7 Ke8 39. Rc7 Ne4+ 40. Kd3
Rg3 41. Rxc6 a5 42. c4 Nf6 43. Ke2 dxc4 44. Nf5 cxb3 45. Rc8# 1-0

[Event "World Youth Open U14 2016"]
[Site "Khanty-Mansiysk RUS"]
[Date "2016.10.03"]
[Round "11.4"]
[White "Peng, David T"]
[Black "Davtyan, Artur"]
[Result "1-0"]
[WhiteTitle "FM"]
[BlackTitle "FM"]
[WhiteElo "2273"]
[BlackElo "2280"]
[WhiteFideId "2059355"]
[BlackFideId "13308327"]
[EventDate "2016.09.22"]

1. d4 Nf6 2. Nc3 d5 3. Bf4 e6 4. Nb5 Na6 5. e3 c6 6. Nc3 Qb6 7. a3 c5 8. dxc5
Bxc5 9. Na4 Qa5+ 10. c3 Be7 11. b4 Qd8 12. Bd3 O-O 13. Nf3 Bd6 14. O-O Re8 15.
Bb5 Bd7 16. Bxd7 Qxd7 17. Bxd6 Qxd6 18. c4 Rad8 19. c5 Qb8 20. Qe2 e5 21. Rfd1
Nc7 22. Qb2 Nb5 23. h3 Ne4 24. Qb3 d4 25. Qc4 Nbc3 26. Nxc3 Nxc3 27. Re1 b5 28.
cxb6 Qxb6 29. exd4 Rc8 30. Rxe5 Qd8 31. Rc5 Rxc5 32. bxc5 Ne2+ 33. Kf1 Nf4 34.
Ne5 Re6 35. c6 Qg5 36. g3 Qf5 37. gxf4 Qxh3+ 38. Ke2 Qg4+ 39. Ke3 g5 40. c7
Qxf4+ 41. Kd3 Qf5+ 42. Kc3 Re8 43. Rb1 Qxb1 44. Qxf7+ Kh8 45. Qxe8+ Kg7 46. Qf7+
Kh6 47. Ng4# 1-0

[Event "World Youth Open U14 2016"]
[Site "Khanty-Mansiysk RUS"]
[Date "2016.10.03"]
[Round "11.5"]
[White "Quirhuayo Chumbe, German Gonzalo"]
[Black "Iniyan, P"]
[Result "0-1"]
[WhiteTitle "FM"]
[WhiteElo "2255"]
[BlackElo "2368"]
[WhiteFideId "3813509"]
[BlackFideId "25002767"]
[EventDate "2016.09.22"]

1. e4 c5 2. Nf3 d6 3. d4 cxd4 4. Nxd4 a6 5. Nc3 e6 6. Qf3 Nd7 7. Be3 Qc7 8. Be2
b5 9. a3 Bb7 10. g4 Ngf6 11. g5 Ne5 12. Qg2 Nfd7 13. h4 Nb6 14. Qg3 Nec4 15.
O-O-O Rc8 16. Ndxb5 axb5 17. Nxb5 Qd7 18. Na7 Bxe4 19. Nxc8 Qxc8 20. Rh2 Bxc2
21. Bxb6 Bxd1 22. Bxc4 Be2 23. b3 d5 24. Kd2 dxc4 25. Kxe2 cxb3 26. Qxb3 Qa6+
27. Ke1 Bxa3 28. Rh3 Be7 29. Bd4 O-O 30. Qd3 Qc6 31. Kf1 Rd8 32. Qc3 Qe4 33. Be3
Qg4 34. Rg3 Rd1+ 35. Kg2 Qxh4 36. Rh3 Qg4+ 37. Rg3 Qe2 38. Qc8+ Bf8 39. Kh2 Qh5+
40. Rh3 Qg4 41. f3 Qa4 42. Kg3 Qa1 43. Qc2 g6 44. Bf2 Qe5+ 45. f4 Qd5 46. Be3
Rd3 47. Kh2 Ra3 48. Bc1 Ra2 49. Bb2 Qd6 50. Kg3 Qb8 51. Be5 Qa8 52. Qd1 Rg2+ 53.
Kh4 h5 54. Rf3 Rh2+ 55. Kg3 Qa2 56. Qf1 Bb4 57. Re3 Qc2 58. Bf6 Bc5 59. Rd3 Kh7
60. Bc3 Rf2 61. Qd1 Rg2+ 62. Kf3 Qf2+ 63. Ke4 Rxg5 64. Rf3 Qh4 65. Qd7 Rf5 66.
Qc8 f6 67. Qxe6 Qh1 68. Bd2 Qb1+ 69. Rd3 Qb7+ 70. Rd5 Rxd5 71. Qxd5 Qb1+ 72. Qd3
f5+ 0-1

[Event "World Youth Open U14 2016"]
[Site "Khanty-Mansiysk RUS"]
[Date "2016.10.03"]
[Round "11.6"]
[White "Zhao, Chenxi"]
[Black "Blohberger, Felix"]
[Result "1/2-1/2"]
[BlackTitle "FM"]
[WhiteElo "2124"]
[BlackElo "2256"]
[WhiteFideId "8611513"]
[BlackFideId "1632051"]
[EventDate "2016.09.22"]

1. e4 e5 2. Nf3 d6 3. Bc4 Be7 4. O-O Nf6 5. Re1 O-O 6. d4 exd4 7. Nxd4 Re8 8.
Nc3 Nbd7 9. Nf5 Bf8 10. Bg5 h6 11. Bh4 Ne5 12. Bb3 Ng6 13. Bg3 Bxf5 14. exf5
Rxe1+ 15. Qxe1 Ne7 16. Bh4 Nxf5 17. Bxf6 Qxf6 18. Nd5 Qg6 19. Nf4 Qf6 20. Nd5
Qg6 21. Nf4 1/2-1/2

[Event "World Youth Open U14 2016"]
[Site "Khanty-Mansiysk RUS"]
[Date "2016.10.03"]
[Round "11.7"]
[White "Zarubitski, Viachaslau"]
[Black "Shubin, Kirill"]
[Result "1/2-1/2"]
[WhiteTitle "FM"]
[BlackTitle "FM"]
[WhiteElo "2340"]
[BlackElo "2304"]
[WhiteFideId "13509373"]
[BlackFideId "34119962"]
[EventDate "2016.09.22"]

1. e4 e6 2. d4 d5 3. Nc3 Bb4 4. e5 c5 5. a3 Bxc3+ 6. bxc3 Qa5 7. Bd2 Qa4 8. Qb1
c4 9. f4 Nc6 10. Nf3 Nge7 11. Be2 Bd7 12. O-O O-O-O 13. Ra2 f5 14. Qe1 h6 15.
Be3 1/2-1/2

[Event "World Youth Open U14 2016"]
[Site "Khanty-Mansiysk RUS"]
[Date "2016.10.03"]
[Round "11.8"]
[White "Ivic, Velimir"]
[Black "Ibrahimli, Murad"]
[Result "1-0"]
[WhiteTitle "FM"]
[WhiteElo "2264"]
[BlackElo "2203"]
[WhiteFideId "950122"]
[BlackFideId "13410229"]
[EventDate "2016.09.22"]

1. e4 c5 2. Nf3 d6 3. d4 cxd4 4. Nxd4 Nf6 5. Nc3 a6 6. Bg5 e6 7. f4 Qc7 8. Qe2
Nbd7 9. O-O-O Be7 10. g4 O-O 11. Bg2 Re8 12. h4 Nb6 13. f5 Nc4 14. Kb1 Bd7 15.
Bc1 e5 16. Nb3 Na3+ 17. Ka1 Nb5 18. Rd3 Nxc3 19. Rxc3 Bc6 20. g5 Nd7 21. Bh3 Qd8
22. f6 gxf6 23. Bf5 Nf8 24. Qg4 Kh8 25. Rf3 Bd7 26. gxf6 Bxf6 27. Rg1 Ne6 28.
Qh5 Nf8 29. Qxf7 1-0

[Event "World Youth Open U14 2016"]
[Site "Khanty-Mansiysk RUS"]
[Date "2016.10.03"]
[Round "11.10"]
[White "Remizov, Yaroslav"]
[Black "Pavlov, Danila"]
[Result "0-1"]
[WhiteElo "2218"]
[BlackElo "2157"]
[WhiteFideId "34134015"]
[BlackFideId "34126594"]
[EventDate "2016.09.22"]

1. e4 e6 2. d4 d5 3. Nc3 Nf6 4. e5 Nfd7 5. f4 c5 6. Nf3 Nc6 7. Be3 Be7 8. Qd2
O-O 9. O-O-O c4 10. f5 b5 11. f6 gxf6 12. Bh6 fxe5 13. Bxf8 Bxf8 14. dxe5 Ndxe5
15. Kb1 b4 16. Nxe5 Nxe5 17. Ne4 Bg7 18. Be2 Bd7 19. Ng3 Ng6 20. Bxc4 dxc4 21.
Qxd7 Qf6 22. c3 bxc3 23. Qb7 Nf8 24. Ne4 Qe5 25. Nd6 Rd8 26. Rhe1 Rxd6 27. Rxe5
Rxd1+ 28. Kc2 Rd2+ 29. Kxc3 Re2 30. Kxc4 Bxe5 31. Qxa7 Rxb2 32. Qe3 Bd6 33. a3
Ra2 34. Kd4 Rxa3 35. Qg5+ Ng6 36. g3 Be7 37. Qc1 Ra5 38. Ke4 Rf5 39. h4 h5 40.
Qc8+ Kg7 41. Qc3+ Bf6 42. Qb3 Be5 43. Qd3 Rf2 44. Qd1 Bxg3 45. Qxh5 Rf4+ 46. Ke3
Rxh4 47. Qa5 Be5 48. Kf3 Rh8 49. Qa7 Re8 50. Ke4 Re7 51. Qa3 f5+ 52. Kf3 Bd4 53.
Qd6 Bf6 54. Qa3 e5 55. Qc5 e4+ 56. Ke3 f4+ 57. Ke2 e3 58. Qf5 Be5 59. Qg5 Rf7
60. Kf3 Bd6 61. Qh5 Re7 62. Ke2 Re5 63. Qg4 Kh6 64. Qc8 Kh5 65. Qc2 Nh4 66. Qh7+
Kg5 67. Qg8+ Ng6 68. Qc8 Rf5 0-1

[Event "World Youth Open U14 2016"]
[Site "Khanty-Mansiysk RUS"]
[Date "2016.10.03"]
[Round "11.11"]
[White "Zhalmakhanov, Ramazan"]
[Black "Pitzanti, Matteo"]
[Result "1/2-1/2"]
[WhiteElo "2211"]
[BlackElo "2175"]
[WhiteFideId "13706357"]
[BlackFideId "890693"]
[EventDate "2016.09.22"]

1. d4 d5 2. Nf3 Nf6 3. c4 e6 4. Nc3 Be7 5. Bf4 O-O 6. Rc1 a6 7. cxd5 exd5 8. e3
b6 9. Bd3 Bb7 10. O-O Nbd7 11. Ne5 c5 12. Qf3 Ra7 13. Rfd1 Re8 14. dxc5 bxc5 15.
Bc2 Nb6 16. Qh3 g6 17. Bg5 Nh5 18. Bh6 Bd6 19. Nf3 Bc8 20. Qh4 Qxh4 21. Nxh4 Be6
22. Nf3 Be7 23. Bb3 Rd8 24. a4 d4 25. Bxe6 dxc3 26. Rxd8+ Bxd8 27. Rd1 Ra8 28.
Ba2 c2 29. Rc1 Bf6 30. Rxc2 Nxa4 31. g4 Ng7 32. Rc4 Nxb2 33. Rf4 Bd8 34. Ne5 c4
35. Nxc4 Nxc4 36. Rxc4 a5 37. Bxg7 Kxg7 1/2-1/2

[Event "World Youth Open U14 2016"]
[Site "Khanty-Mansiysk RUS"]
[Date "2016.10.03"]
[Round "11.12"]
[White "Bharambe, Bhavik C"]
[Black "Miyasaka, Marcus M"]
[Result "1/2-1/2"]
[BlackTitle "FM"]
[WhiteElo "2104"]
[BlackElo "2269"]
[WhiteFideId "25019244"]
[BlackFideId "2073102"]
[EventDate "2016.09.22"]

1. d4 Nf6 2. c4 e6 3. Nc3 Bb4 4. Qc2 O-O 5. e4 d5 6. e5 Ne4 7. Bd3 c5 8. Ne2 Nc6
9. cxd5 exd5 10. O-O Bxc3 11. bxc3 cxd4 12. Ba3 Re8 13. cxd4 Qa5 14. Bxe4 dxe4
15. Bd6 1/2-1/2

[Event "World Youth Open U14 2016"]
[Site "Khanty-Mansiysk RUS"]
[Date "2016.10.03"]
[Round "11.13"]
[White "Emanuel, Yahav"]
[Black "Olsen, Filip Boe"]
[Result "0-1"]
[BlackTitle "FM"]
[WhiteElo "2014"]
[BlackElo "2241"]
[WhiteFideId "2814790"]
[BlackFideId "1440640"]
[EventDate "2016.09.22"]

1. e4 c6 2. d4 d5 3. exd5 cxd5 4. c4 Nf6 5. Nc3 Nc6 6. Nf3 e6 7. c5 Be7 8. Bb5
O-O 9. O-O Ne4 10. Qc2 f5 11. Ne2 Bf6 12. Bf4 g5 13. Bxc6 bxc6 14. Be5 Be7 15.
Nd2 Bf6 16. Nf3 Be7 17. Nd2 Nf6 18. f4 Ng4 19. Rf3 Nxe5 20. fxe5 Ba6 21. Re1 g4
22. Rf2 Bxe2 23. Rexe2 f4 24. h3 Bh4 25. hxg4 Bxf2+ 26. Rxf2 Qg5 27. Qa4 Rac8
28. Qxa7 Qxg4 29. Qd7 h5 30. Nf3 Rfe8 31. a3 h4 32. Kf1 Qg6 33. Rd2 Qh5 34. Rf2
Kh8 35. Ke1 Qg6 36. Nxh4 Qb1+ 37. Ke2 Qxb2+ 38. Kf3 Qc3+ 39. Kg4 Qg3+ 40. Kh5
Rg8 41. Qe7 Rg7 42. Qf6 Qg4+ 43. Kh6 Kg8 0-1

[Event "World Youth Open U14 2016"]
[Site "Khanty-Mansiysk RUS"]
[Date "2016.10.03"]
[Round "11.14"]
[White "Thilakarathne, G M H"]
[Black "Peng, Hongchi"]
[Result "1/2-1/2"]
[WhiteTitle "CM"]
[WhiteElo "2028"]
[BlackElo "2241"]
[WhiteFideId "9912053"]
[BlackFideId "8609047"]
[EventDate "2016.09.22"]

1. e4 c5 2. Nf3 e6 3. d4 cxd4 4. Nxd4 Nc6 5. Nb5 d6 6. c4 Nf6 7. N1c3 a6 8. Na3
Be7 9. Be2 O-O 10. O-O Qc7 11. Be3 Rb8 12. Rc1 b6 13. Nd5 Qa7 14. Nxe7+ Qxe7 15.
Nb1 Nxe4 16. Bf3 f5 17. Bxe4 fxe4 18. Nc3 Nb4 19. Nxe4 d5 20. a3 Na2 21. Ra1
dxe4 22. Rxa2 Bd7 23. b4 Bc6 24. Qg4 Rf5 25. Rd2 b5 26. c5 Bd5 1/2-1/2

[Event "World Youth Open U14 2016"]
[Site "Khanty-Mansiysk RUS"]
[Date "2016.10.03"]
[Round "11.15"]
[White "Sam, Gabriel"]
[Black "Tomasi, Albert"]
[Result "1-0"]
[WhiteElo "2069"]
[BlackElo "2200"]
[WhiteFideId "75000776"]
[BlackFideId "26063620"]
[EventDate "2016.09.22"]

1. e4 e5 2. Nf3 Nc6 3. Bb5 g6 4. O-O Bg7 5. c3 a6 6. Ba4 Nge7 7. d4 b5 8. Bb3
exd4 9. cxd4 d6 10. a4 b4 11. Be3 O-O 12. Nbd2 Na5 13. Bc2 Bb7 14. Qe2 Rb8 15.
Bd3 Qc8 16. Rac1 f5 17. Bg5 Re8 18. Qd1 fxe4 19. Nxe4 Nf5 20. Re1 Qd7 21. Qc2 h6
22. Bd2 Re7 23. Ng3 Rxe1+ 24. Rxe1 Nxg3 25. hxg3 Bxf3 26. gxf3 Nc6 27. Be3 Kh8
28. Qc4 d5 29. Qc5 Bf8 30. Qc1 Bg7 31. Bxh6 Nxd4 32. Kg2 Rf8 33. Rh1 Nf5 34.
Bxg7+ Kxg7 35. g4 Ne7 36. Qh6+ Kf7 37. Qf4+ Ke8 38. Qxb4 Kd8 39. Rh7 Qe6 40.
Bxa6 Qf6 41. Be2 d4 42. Qc5 g5 43. Kg1 Re8 44. Bb5 c6 45. Rf7 Qe6 46. Bc4 Qd7
47. Rf6 Nc8 48. Rxc6 1-0

[Event "World Youth Open U14 2016"]
[Site "Khanty-Mansiysk RUS"]
[Date "2016.10.03"]
[Round "11.17"]
[White "Neelash, Saha"]
[Black "Yeritsyan, Aram"]
[Result "1-0"]
[WhiteElo "2020"]
[BlackElo "2117"]
[WhiteFideId "5094160"]
[BlackFideId "34161047"]
[EventDate "2016.09.22"]

1. d4 Nf6 2. c4 e6 3. Nf3 b6 4. g3 Ba6 5. Qc2 Be7 6. Bg2 O-O 7. O-O c6 8. Rd1 d5
9. Ne5 Nfd7 10. cxd5 cxd5 11. e4 Nf6 12. Nc3 dxe4 13. Bg5 Bb7 14. Bxf6 Bxf6 15.
Nxe4 Qe7 16. Ng4 Nd7 17. Qc7 Bxe4 18. Bxe4 Qd8 19. Qb7 Qe7 20. Nxf6+ gxf6 21.
Rac1 Rab8 22. Qxa7 Rfd8 23. d5 e5 24. d6 Qe8 25. Rc7 Nc5 26. Bc6 Qf8 27. Bd5 Ne6
28. Bxe6 fxe6 29. Rxh7 Ra8 30. Qb7 Rxa2 31. Qe4 Qe8 32. Re7 Qh5 33. g4 f5 34.
Rg7+ Kxg7 35. Qxe5+ 1-0

[Event "World Youth Open U14 2016"]
[Site "Khanty-Mansiysk RUS"]
[Date "2016.10.03"]
[Round "11.18"]
[White "Nanayakkara, J A K Saranath"]
[Black "Golikov, Daniil"]
[Result "1/2-1/2"]
[WhiteElo "1923"]
[BlackElo "2114"]
[WhiteFideId "9924906"]
[BlackFideId "24170623"]
[EventDate "2016.09.22"]

1. d4 d5 2. c4 c6 3. Nf3 Nf6 4. e3 e6 5. Nbd2 Nbd7 6. Bd3 Bd6 7. O-O O-O 8. h3
Re8 9. b3 e5 10. dxe5 Nxe5 11. Nxe5 Bxe5 12. Rb1 Bc7 13. Nf3 Qd6 14. Re1 dxc4
15. Bxc4 Bf5 16. Qxd6 Bxd6 17. Ra1 Bb4 18. Bd2 Bxd2 19. Nxd2 Rad8 20. Nf3 Bd3
21. Bxd3 Rxd3 22. Red1 Red8 23. Rxd3 Rxd3 24. Kf1 Ne4 25. Ke2 Rd5 26. Rc1 f5 27.
Rc2 Kf7 28. Nd4 c5 29. Nb5 a6 30. Nc3 Nxc3+ 31. Rxc3 b5 32. Rd3 Ke6 33. Rxd5
Kxd5 34. Kd3 g6 35. f3 Ke5 36. g3 h6 37. Kc3 g5 38. g4 f4 39. e4 Kd6 40. a4 Ke6
41. axb5 axb5 42. Kd3 Kd6 1/2-1/2

[Event "World Youth Open U14 2016"]
[Site "Khanty-Mansiysk RUS"]
[Date "2016.10.03"]
[Round "11.19"]
[White "Salimov, Ruslan"]
[Black "Semjonovs, Ilja"]
[Result "1/2-1/2"]
[WhiteElo "2026"]
[BlackElo "2245"]
[WhiteFideId "13709801"]
[BlackFideId "11604263"]
[EventDate "2016.09.22"]

1. d4 Nf6 2. c4 c5 3. d5 b5 4. cxb5 a6 5. bxa6 g6 6. Nc3 Bg7 7. e4 O-O 8. Nf3
Qa5 9. Bd2 Bxa6 10. Bxa6 Qxa6 11. Qe2 e6 12. dxe6 fxe6 13. Bg5 Nc6 14. Qxa6 Rxa6
15. O-O Rb8 16. Rab1 Ng4 17. h3 Nge5 18. Nxe5 Bxe5 19. Be3 c4 20. Rfd1 Bxc3 21.
bxc3 Rxb1 22. Rxb1 Rxa2 23. Rb7 Ra1+ 24. Kh2 Rd1 25. Rc7 Rd3 26. Bh6 Kf7 27. Rc8
Rxc3 28. Rh8 Rd3 29. Rxh7+ Ke8 30. Rh8+ Ke7 31. Rh7+ Ke8 32. Rh8+ Kf7 33. Rh7+
Kg8 34. Rg7+ Kh8 35. Rxg6 c3 36. Rg3 Rxg3 37. Kxg3 c2 38. Bd2 Nd4 39. f4 Nb3 40.
Be3 c1=Q 41. Bxc1 Nxc1 42. e5 Kg7 43. Kf3 Kg6 44. g4 Nd3 45. Ke3 Ne1 46. Ke4 Ng2
47. Kf3 Ne1+ 48. Ke2 Ng2 49. Kf3 Ne1+ 50. Ke2 1/2-1/2

[Event "World Youth Open U14 2016"]
[Site "Khanty-Mansiysk RUS"]
[Date "2016.10.03"]
[Round "11.20"]
[White "Hua, Eugene"]
[Black "Juksta, Karolis"]
[Result "0-1"]
[WhiteTitle "CM"]
[WhiteElo "2142"]
[BlackElo "2046"]
[WhiteFideId "2618150"]
[BlackFideId "12809039"]
[EventDate "2016.09.22"]

1. c4 c5 2. Nf3 Nc6 3. g3 g6 4. Bg2 Bg7 5. Nc3 e5 6. O-O Nge7 7. a3 d6 8. Rb1 a5
9. Ne1 Be6 10. Nd5 O-O 11. Nc2 f5 12. d3 a4 13. Bd2 h6 14. b4 axb3 15. Rxb3 Ra7
16. Qb1 Qd7 17. Nb6 Qd8 18. Bd5 Bxd5 19. cxd5 Nb8 20. Nc4 Qd7 21. Rb6 Rf6 22.
Qb3 Kh7 23. Na5 f4 24. Nxb7 Qh3 25. Nxd6 fxg3 26. hxg3 Nd7 27. d4 cxd4 28. Bg5
hxg5 29. Ne4 Rxb6 30. Nxg5+ Kh8 31. Nb4 Qf5 32. Ne6 e4 33. Kg2 Nxd5 34. Rh1+ Kg8
35. Nf4 Nf6 36. Qc4 Rd6 37. Rh4 Kf8 38. Nxg6+ Qxg6 39. Qc5 Rd7 40. Nc6 Qf5 41.
Kh1 Ne3 42. Ne5 Qxf2 43. Ng6+ Kf7 44. Ne5+ Kg8 45. Qc8+ Rd8 0-1

[Event "World Youth Open U14 2016"]
[Site "Khanty-Mansiysk RUS"]
[Date "2016.10.03"]
[Round "11.21"]
[White "Araoz Andrade, Ivan Alexander"]
[Black "Oboladze, Luka"]
[Result "0-1"]
[WhiteElo "1746"]
[BlackElo "2083"]
[WhiteFideId "3825299"]
[BlackFideId "13608207"]
[EventDate "2016.09.22"]

1. e4 c5 2. Nf3 d6 3. Bb5+ Nd7 4. O-O a6 5. Bd3 Ngf6 6. Re1 Qc7 7. c3 b5 8. Bc2
Bb7 9. d4 cxd4 10. cxd4 Rc8 11. Bd3 Nxe4 12. Qb3 Ndf6 13. Bf4 Bd5 14. Qb4 Qb7
15. a4 Bc4 16. Bxe4 Nxe4 17. Bxd6 exd6 18. d5 Bxd5 19. Nbd2 Be7 20. Nxe4 O-O 21.
Nxd6 Qd7 22. Rxe7 Qxe7 23. Re1 Rc4 24. Qxc4 Qxe1+ 25. Nxe1 bxc4 26. Kf1 Rb8 27.
Nc2 Rxb2 28. Ne3 Be6 29. Ndxc4 Bxc4+ 30. Nxc4 Rb4 31. Ne3 Rxa4 32. Ke1 Ra2 33.
f3 a5 34. Kd1 a4 35. h4 Rb2 36. Nc2 Rb1+ 37. Ke2 Rh1 38. g3 Rh3 39. g4 Rxh4 40.
Kd3 Rh2 41. Kc3 Rf2 42. Nd4 a3 0-1